00434nam a2200145Ia 4500008004100000040000800041082001900049100002400068245003900092260000900131264001000140942001300150952010800163999001700271231129s1994||||xx |||||||||||||| ||spa|| bspa a658.4013 T693g aTorres S. Maria A. 0aGestion de calidad en la industria c1994 aSecab 2ddccBKS 00102ddc4070aBRCbBRCd2010-10-08l0o658.4013 T693gp16171r2023-11-29 21:14:09t1w2023-11-29yBK c14486d14486